Aspects of plant sciences. V 1 (Record no. 36093)

MARC details
000 -LEADER
fixed length control field 00460nam a2200181Ia 4500
082 ## - DEWEY DECIMAL CLASSIFICATION NUMBER
Classification number 58/581
Item number NAI.1
245 #0 - TITLE STATEMENT
Title Aspects of plant sciences. V 1
260 ## - PUBLICATION, DISTRIBUTION, ETC. (IMPRINT)
Place of publication New Delhi
Name of publisher Today and Tomorrows
Year of publication 1979
650 ## - SUBJECT ADDED ENTRY--TOPICAL TERM
Topical Term Angiosperm
650 ## - SUBJECT ADDED ENTRY--TOPICAL TERM
Topical Term Cytology
650 ## - SUBJECT ADDED ENTRY--TOPICAL TERM
Topical Term Fern toxonomy
650 ## - SUBJECT ADDED ENTRY--TOPICAL TERM
Topical Term Gymnosperms
650 ## - SUBJECT ADDED ENTRY--TOPICAL TERM
Topical Term Pollen biology
650 ## - SUBJECT ADDED ENTRY--TOPICAL TERM
Topical Term Pollen morphology
700 ## - ADDED ENTRY--PERSONAL NAME
Personal name Nair, P K K
942 ## - ADDED ENTRY ELEMENTS (KOHA)
Koha item type Books
Holdings
Withdrawn status Lost status Damaged status Not for loan Home library Current library Date acquired Full call number Accession Number Koha item type
        RRII Library RRII Library 16/12/2021 58/581 NAI.1 16506 Books